Pokémon - Alle Attacken von Glurak - Statistiken

Allgemein
  • Dieses Quiz wurde 6 mal gespielt
  • Das Durchschnittsergebnis liegt bei 27 aus 160
Antwortstatistiken
Typ Kategorie Attacke % Korrekt
Feuer Spezial Feuerwirbel
83%
Feuer Spezial Flammenwurf
83%
Flug Physisch Fliegen
83%
Flug Physisch Flügelschlag
83%
Normal Status Heuler
83%
Normal Physisch Kratzer
83%
Drache Physisch Drachenklaue
67%
Boden Physisch Erdbeben
67%
Feuer Spezial Feuersturm
67%
Feuer Physisch Feuerzahn
67%
Feuer Spezial Glut
67%
Normal Physisch Bodyslam
50%
Drache Spezial Drachenpuls
50%
Drache Status Drachentanz
50%
Geist Physisch Dunkelklaue
50%
Drache Spezial Feuerodem
50%
Feuer Spezial Hitzekoller
50%
Normal Physisch Risikotackle
50%
Normal Status Silberblick
50%
Normal Physisch Tackle
50%
Flug Physisch Aero-Ass
33%
Gestein Spezial Antik-Kraft
33%
Unlicht Physisch Biss
33%
Normal Status Brüller
33%
Drache Physisch Drachenstoß
33%
Drache Spezial Drachenwut
33%
Stahl Physisch Eisenschweif
33%
Feuer Physisch Flammenblitz
33%
Geist Status Fluch
33%
Kampf Spezial Fokusstoß
33%
Kampf Physisch Geowurf
33%
Unlicht Physisch Knirscher
33%
Feuer Spezial Lohekanonade
33%
Normal Physisch Megahieb
33%
Stahl Physisch Metallklaue
33%
Normal Status Rauchwolke
33%
Boden Physisch Schaufler
33%
Normal Physisch Schlitzer
33%
Normal Status Schwerttanz
33%
Pflanze Spezial Solarstrahl
33%
Stahl Physisch Stahlflügel
33%
Gift Status Toxin
33%
Drache Physisch Wutanfall
33%
Normal Physisch Zerschneider
33%
Flug Status Auflockern
17%
Normal Physisch Bodycheck
17%
Normal Status Delegator
17%
Drache Physisch Drachenrute
17%
Kampf Dynamax Dyna-Faust
17%
Pflanze Dynamax Dyna-Flora
17%
Feuer Z Dynamische Maxiflamme
17%
Geist Dynamax Dyna-Spuk
17%
Psycho Status Erholung
17%
Feuer Physisch Feuerfeger
17%
Feuer Physisch Feuerschlag
17%
Normal Physisch Frustration
17%
Feuer Spezial Funkenflug
17%
Normal Physisch Geduld
17%
Boden Physisch Geofissur
17%
Normal Physisch Gigastoß
17%
Feuer Spezial Hitzewelle
17%
Normal Spezial Hyperstrahl
17%
Feuer Spezial Inferno
17%
Normal Physisch Kopfnuss
17%
Normal Physisch Kratzfurie
17%
Normal Physisch Kraxler
17%
Flug Spezial Luftschnitt
17%
Normal Physisch Megakick
17%
Normal Status Mimikry
17%
Normal Physisch Raserei
17%
Psycho Status Reflektor
17%
Normal Physisch Rückkehr
17%
Flug Status Ruheort
17%
Normal Physisch Schädelwumme
17%
Normal Status Schlafrede
17%
Normal Spezial Schnarcher
17%
Feuer Status Sonnentag
17%
Normal Physisch Stärke
17%
Gestein Physisch Steinhagel
17%
Kampf Physisch Überroller
17%
Drache Spezial Windhose
17%
Kampf Physisch Zertrümmerer
17%
Flug Physisch Akrobatik
0%
Normal Status Angeberei
0%
Normal Status Anziehung
0%
Gestein Z Apokalyptische Steinpresse
0%
Normal Status Ausdauer
0%
Normal Status Bauchtrommel
0%
Normal Physisch Beerenkräfte
0%
Boden Spezial Brandsand
0%
Feuer Physisch Brandstempel
0%
Drache Physisch Breitseite
0%
Pflanze Z Brillante Blütenpracht
0%
Boden Physisch Dampfwalze
0%
Elektro Physisch Donnerschlag
0%
Flug Physisch Doppelflügel
0%
Normal Status Doppelteam
0%
Drache Status Drachenschrei
0%
Drache Z Drastisches Drachendröhnen
0%
Kampf Physisch Durchbruch
0%
Normal Dynamax Dyna-Angriff
0%
Feuer Dynamax Dyna-Brand
0%
Gestein Dynamax Dyna-Brocken
0%
Unlicht Dynamax Dyna-Dunkel
0%
Flug Dynamax Dyna-Düse
0%
Boden Dynamax Dyna-Erdstoß
0%
Elektro Dynamax Dyna-Gewitter
0%
Stahl Dynamax Dyna-Stahlzacken
0%
Normal Dynamax Dyna-Wall
0%
Drache Dynamax Dyna-Wyrm
0%
Feuer Spezial Einäschern
0%
Normal Status Einigler
0%
Geist Z Ewige Nacht
0%
Normal Physisch Fassade
0%
Gestein Physisch Felsgrab
0%
Feuer Spezial Feuersäulen
0%
Flug Z Finaler Steilflug
0%
Flug Physisch Freier Fall
0%
Feuer Physisch Frustflamme
0%
Kampf Z Fulminante Faustschläge
0%
Normal Physisch Geheimpower
0%
Feuer Gigadynamax Giga-Feuerflug
0%
Elektro Z Gigavolt-Funkensalve
0%
Normal Status Grimasse
0%
Normal Z Hyper-Sprintangriff
0%
Feuer Status Irrlicht
0%
Normal Spezial Kanon
0%
Unlicht Status Klauenwetzer
0%
Kampf Physisch Konter
0%
Normal Spezial Kraftreserve
0%
Normal Status Kraftschub
0%
Boden Spezial Lehmschelle
0%
Normal Status Liebreiz
0%
Feuer Spezial Magieflamme
0%
Normal Spezial Meteorologe
0%
Feuer Physisch Nitroladung
0%
Flug Spezial Orkan
0%
Kampf Physisch Power-Punch
0%
Unlicht Physisch Prügler
0%
Normal Status Rechte Hand
0%
Normal Status Rückentzug
0%
Flug Status Rückenwind
0%
Gestein Status Sandsturm
0%
Unlicht Physisch Schleuder
0%
Drache Physisch Schuppenschuss
0%
Normal Status Schutzschild
0%
Unlicht Z Schwarzes Loch des Grauens
0%
Boden Z Seismische Eruption
0%
Kampf Physisch Steigerungshieb
0%
Normal Spezial Sternschauer
0%
Normal Spezial Tera-Ausbruch
0%
Normal Physisch Trugschlag
0%
Stahl Z Turbo-Spiralkombo
0%
Geist Spezial Unheilböen
0%
Normal Status Vertrauenssache
0%
Normal Spezial Widerhall
0%
Flug Spezial Windschnitt
0%
Unlicht Physisch Wirbler
0%
Kampf Physisch Wuchtschlag
0%
Käfer Physisch Zornklinge
0%
Keine übereinstimmenden Quizze gefunden
Verteilung der Resultate
Anzahl Personen mit jedem Resultat
Perzentil nach korrekt beantworteten Fragen
Ihre Resultats-Entwicklung
Sie haben dieses Quiz noch nicht gespielt